[Event "Vellmar op 11th"]
[Site "Vellmar"]
[Date "2019.07.07"]
[Round "7"]
[White "Powalla, Christian"]
[Black "Pfitzenreuter, Gerald"]
[Result "1-0"]
[WhiteElo "1816"]
[BlackElo "2049"]
[PlyCount "63"]
[EventDate "2019.07.04"]
[EventType "swiss"]
[EventRounds "7"]
[EventCountry "GER"]
[SourceTitle "CBM 191 Extra"]
[Source "ChessBase"]
[SourceDate "2019.09.30"]
[SourceVersion "1"]
[SourceVersionDate "2019.09.30"]
[SourceQuality "1"]

1. e4 c5 2. c3 Nf6 3. e5 Nd5 4. d4 cxd4 5. Nf3 e6 6. cxd4 d6 7. Bc4 Nc6 8. 0-0 dxe5 9. Nxe5 Be7 10. Nxc6 bxc6 11. Nc3 0-0 12. Ne4 Nb6 13. Bb3 Ba6 14. Re1 Bc4 15. Bc2 Nd7 16. Qh5 f5 17. Ng5 Nf6 18. Qd1 Bb4 19. Bd2 Bxd2 20. Qxd2 Qd6 21. Qc3 Bd5 22. Bb3 Rfe8 23. Bxd5 Nxd5 24. Qc4 h6 25. Nf3 Rab8 26. b3 Rb4 27. Qa6 Qc7 28. Rac1 Rb6 29. Qc4 Re7 30. Ne5 Rb4 31. Qxc6 Rxd4 32. Qa8+ 1-0

[Event "Vellmar op 10th"]
[Site "Vellmar"]
[Date "2018.07.13"]
[Round "2"]
[White "Pfitzenreuter, Gerald"]
[Black "Meyer, Marcel"]
[Result "0-1"]
[WhiteElo "2071"]
[BlackElo "1776"]
[PlyCount "30"]
[EventDate "2018.07.12"]
[EventType "swiss"]
[EventRounds "7"]
[EventCountry "GER"]
[SourceTitle "CBM 185 Extra"]
[Source "ChessBase"]
[SourceDate "2018.07.29"]
[SourceVersion "1"]
[SourceVersionDate "2018.07.29"]
[SourceQuality "1"]

1. d4 Nf6 2. c4 c6 3. Nc3 d5 4. cxd5 cxd5 5. Nf3 Nc6 6. Bf4 Bf5 7. e3 Qb6 8. Bb5 a6 9. Qa4 Rc8 10. Bxc6+ Qxc6 11. 0-0 b5 12. Qa5 e6 13. Rfc1 Qb7 14. Ne2 Rc4 15. b3 Bb4 0-1

[Event "Muehlhaeusen op"]
[Site "Muehlhausen"]
[Date "2007.05.19"]
[Round "5.9"]
[White "Pfitzenreuter, Gerald"]
[Black "Wendling, Hannes"]
[Result "1/2-1/2"]
[WhiteElo "2134"]
[BlackElo "2117"]
[PlyCount "36"]
[EventDate "2007.05.16"]
[EventType "swiss"]
[EventRounds "7"]
[EventCountry "GER"]
[SourceTitle "CBM 118 Extra"]
[Source "ChessBase"]
[SourceDate "2007.07.04"]
[SourceVersion "1"]
[SourceVersionDate "2007.07.04"]
[SourceQuality "1"]

1. d4 d5 2. Nf3 Nf6 3. c4 e6 4. cxd5 exd5 5. Bg5 Nbd7 6. Nc3 Bb4 7. e3 c5 8. Bxf6 Nxf6 9. Bb5+ Bd7 10. Bxd7+ Qxd7 11. 0-0 Bxc3 12. bxc3 0-0 13. Ne5 Qc7 14. Qb3 c4 15. Qb4 Rfe8 16. Rab1 Rab8 17. a4 Re6 18. f3 Nd7 1/2-1/2

[Event "Muehlhaeusen op"]
[Site "Muehlhausen"]
[Date "2007.05.18"]
[Round "4.14"]
[White "Reimann, Hubert"]
[Black "Pfitzenreuter, Gerald"]
[Result "0-1"]
[WhiteElo "1954"]
[BlackElo "2134"]
[PlyCount "98"]
[EventDate "2007.05.16"]
[EventType "swiss"]
[EventRounds "7"]
[EventCountry "GER"]
[SourceTitle "CBM 118 Extra"]
[Source "ChessBase"]
[SourceDate "2007.07.04"]
[SourceVersion "1"]
[SourceVersionDate "2007.07.04"]
[SourceQuality "1"]

1. d4 d5 2. Nf3 c6 3. e3 Nf6 4. c4 e6 5. Nc3 Nbd7 6. Qc2 Bd6 7. b3 0-0 8. Bb2 Qe7 9. Be2 dxc4 10. bxc4 e5 11. 0-0 Re8 12. c5 Bc7 13. Nd2 Nf8 14. Bf3 exd4 15. exd4 Bg4 16. Rfe1 Qxe1+ 17. Rxe1 Rxe1+ 18. Nf1 Bxf3 19. gxf3 Rae8 20. d5 cxd5 21. Nb5 R8e2 22. Qb3 Bxh2+ 23. Kxh2 Rxf2+ 24. Kg3 Rexf1 25. Bxf6 Rxf3+ 26. Qxf3 Rxf3+ 27. Kxf3 gxf6 28. Nd6 Ne6 29. Nxb7 Kf8 30. c6 Nd4+ 31. Kf4 Nxc6 32. Kf5 Kg7 33. Nd6 Nd4+ 34. Kg4 Kg6 35. Nc8 Nc6 36. a4 h5+ 37. Kg3 Kg5 38. Nd6 Ne5 39. Nb5 a6 40. Nc7 d4 41. Nxa6 h4+ 42. Kh3 d3 43. Nc5 Kf4 44. Nb3 Nc4 45. Nc1 Ke3 46. Na2 Kd4 47. Nc1 d2 48. Nb3+ Ke3 49. Nxd2 Nxd2 0-1

[Event "Pardubice op-B1"]
[Site "Pardubice"]
[Date "2006.07.29"]
[Round "9"]
[White "Lavendelis, Egons"]
[Black "Pfitzenreuter, Gerald"]
[Result "1/2-1/2"]
[WhiteElo "2225"]
[BlackElo "2134"]
[PlyCount "51"]
[EventDate "2006.07.21"]
[EventType "swiss"]
[EventRounds "9"]
[EventCountry "CZE"]
[SourceTitle "CBM 113 Extra"]
[Source "ChessBase"]
[SourceDate "2006.09.14"]
[SourceVersion "1"]
[SourceVersionDate "2006.09.14"]
[SourceQuality "1"]

1. e4 c5 2. Nf3 d6 3. Bb5+ Nc6 4. c3 Nf6 5. Qe2 Bg4 6. d3 Bxf3 7. Qxf3 Qb6 8. Na3 a6 9. Ba4 e6 10. 0-0 Qc7 11. e5 Nd5 12. exd6 Bxd6 13. Bxc6+ Qxc6 14. Nc4 Bc7 15. Ne3 0-0 16. Nxd5 Qxd5 17. Qxd5 exd5 18. d4 c4 19. Re1 Rfe8 20. Bd2 f6 21. Kf1 Kf7 22. b4 Rxe1+ 23. Kxe1 Re8+ 24. Kf1 b6 25. a4 Bd6 26. Re1 1/2-1/2

[Event "Muehlhausen op"]
[Site "Muehlhausen"]
[Date "2005.05.06"]
[Round "5"]
[White "Pfitzenreuter, Gerald"]
[Black "Aepfler, Christian"]
[Result "1/2-1/2"]
[WhiteElo "2138"]
[BlackElo "2268"]
[PlyCount "24"]
[EventDate "2005.05.04"]
[EventType "swiss"]
[EventRounds "7"]
[EventCountry "GER"]
[SourceTitle "EXT 2006"]
[Source "ChessBase"]
[SourceDate "2005.11.24"]
[SourceVersion "1"]
[SourceVersionDate "2005.11.24"]
[SourceQuality "1"]

1. d4 d5 2. Nf3 Nf6 3. c4 dxc4 4. e3 c5 5. Bxc4 a6 6. 0-0 e6 7. Qe2 cxd4 8. exd4 Be7 9. Nc3 0-0 10. Bg5 b5 11. Bd3 Bb7 12. Rad1 Nbd7 1/2-1/2

[Event "Thueringen-ch HT"]
[Site "Finsterbergen"]
[Date "2000.04.20"]
[Round "3"]
[White "Umpfenbach, Caroline"]
[Black "Pfitzenreuter, Gerald"]
[Result "1-0"]
[WhiteElo "1882"]
[BlackElo "2035"]
[PlyCount "93"]
[EventDate "2000.05.??"]
[EventType "swiss"]
[EventRounds "9"]
[EventCountry "GER"]
[SourceTitle "EXT 2005"]
[Source "ChessBase"]
[SourceDate "2004.11.15"]
[SourceVersion "1"]
[SourceVersionDate "2004.11.15"]
[SourceQuality "1"]

1. d4 d5 2. c4 c6 3. Nc3 Nf6 4. Nf3 e6 5. e3 Nbd7 6. Bd3 dxc4 7. Bxc4 b5 8. Bb3 Bb7 9. 0-0 b4 10. Na4 c5 11. dxc5 Bxc5 12. Nxc5 Nxc5 13. Ba4+ Ke7 14. a3 Qxd1 15. Bxd1 b3 16. Be2 Rad8 17. Nd4 Nfe4 18. f3 Nd6 19. Bd2 e5 20. Bb4 Rc8 21. Nb5 Nxb5 22. Bxb5 Kf6 23. Rfd1 Ne6 24. Bc3 Bc6 25. Ba6 Rcd8 26. f4 Rxd1+ 27. Rxd1 Ke7 28. Bxe5 Rd8 29. Rxd8 Kxd8 30. Bb8 Nc5 31. Bc4 Na4 32. Bxa7 Nxb2 33. Bxb3 f6 34. Bd4 Na4 35. Kf2 Kd7 36. e4 Kd6 37. e5+ Ke7 38. g4 fxe5 39. fxe5 Be8 40. Ke3 Bc6 41. Kd3 Bb5+ 42. Bc4 Be8 43. Kc2 Kd8 44. Kb3 Kc7 45. Kb4 Nb6 46. Bxb6+ Kxb6 47. a4 1-0